Medaliści SK na żużlu w latach 1962-1990 - Statystyki

Ogólne statystyki
  • Ten quiz został rozwiązany 22 razy
  • Średni wynik to 44 z 76
Statystyki odpowiedzi
Rok Miasto Złoto % Poprawnych
Jan Mucha
100%
1962 7 rund Włodzimierz Szwendrowski
100%
1966 3 rundy Zygfryd Friedek
100%
Andrzej Huszcza
83%
1977 2 rundy Andrzej Huszcza
83%
1978 Opole Andrzej Huszcza
83%
1967 5 rund Edward Jancarz
83%
1974 4 rundy Gerard Stach
83%
Henryk Gluecklich
83%
1969 5 rund Jerzy Szczakiel
83%
1980 Zielona Góra Maciej Jaworek
83%
Maciej Jaworek
83%
1982 Rybnik Maciej Jaworek
83%
Marek Kępa
83%
Marek Towalski
83%
1976 2 rundy Mariusz Okoniewski
83%
Mariusz Okoniewski
83%
1981 Toruń Mirosław Berliński
83%
1968 5 rund Piotr Bruzda
83%
Roman Jankowski
83%
1979 Zielona Góra Roman Jankowski
83%
Stanisław Kasa
83%
Wiktor Jastrzębski
83%
Wojciech Żabiałowicz
83%
Wojciech Załuski
83%
1970 6 rund Zbigniew Marcinkowski
83%
Andrzej Huszcza
67%
1972 8 rund Andrzej Tkocz
67%
Bernard Jąder
67%
Eugeniusz Błaszak
67%
Herbert Karwat
67%
Leszek Marsz
67%
Marek Cieślak
67%
1973 8 rund Zbigniew Filipiak
67%
Zygfryd Friedek
67%
Andrzej Gąbka
50%
Andrzej Marynowski
50%
Andrzej Pogorzelski
50%
Bogdan Szuluk
50%
Bogusław Nowak
50%
1971 6 rund Grzegorz Kuźniar / Zbigniew Marcinkowski / Zenon Plech
50%
Henryk Olszak
50%
Jerzy Rembas
50%
Kazimierz Adamczak
50%
Marian Witelus
50%
Paweł Protasiewicz
50%
Piotr Pyszny
50%
1984 Lublin Ryszard Dołomisiewicz
50%
Ryszard Dziatkowiak
50%
Ryszard Dziatkowiak
50%
Ryszard Fabiszewski
50%
1983 Toruń Wojciech Załuski
50%
Wojciech Załuski
50%
Zygmunt Słowiński
50%
1975 8 rund Bolesław Proch
33%
Cezary Owiżyc
33%
Jacek Gomólski
33%
1988 2 rundy Jarosław Olszewski
33%
Jarosław Olszewski
33%
Jarosław Szymkowiak
33%
Jarosław Szymkowiak
33%
Piotr Świst
33%
1989 2 rundy Piotr Świst
33%
Ryszard Dołomisiewicz
33%
1986 2 rundy Ryszard Dołomisiewicz
33%
1987 2 rundy Ryszard Dołomisiewicz
33%
1985 2 rundy Ryszard Franczyszyn
33%
Ryszard Gabrych
33%
Sławomir Dudek
33%
1990 Zielona Góra Tomasz Gollob
33%
Zenon Kasprzak
33%
Krzysztof Grzelak
17%
Tomasz Gollob
17%
Waldemar Cieślewicz
17%
Zbigniew Krakowski
17%
Piotr Gluecklich
0%
Nie znaleziono quizów pasujących do podanych kryteriów
Rozkład punktacji
Procent ludzi z każdym wynikiem
Percentyl według liczby udzielonych odpowiedzi
Twoja historia wyników
Nie rozwiązałeś tego quizu